[Event "Silkway Cup"]
[Site "T#646345FIDE"]
[Date "2020.05.26"]
[Round "7"]
[White "Misi_95"]
[Black "Luka oboladze"]
[Result "1-0"]
[WhiteElo "1792"]
[BlackElo "2284"]
[Annotator "NA"]
[PlyCount "71"]
[EventDate "2020.05.26"]
[EventType "swiss (blitz)"]

1. e4 {[%emt 0:00:04]} c5 {[%emt 0:00:01]} 2. Nf3 {[%emt 0:00:02]} e6 {[%emt 0:00:01]} 3. d4 {[%emt 0:00:03]} cxd4 {[%emt 0:00:00]} 4. Nxd4 {[%emt 0:00:02]} a6 {[%emt 0:00:00]} 5. Bd3 {[%emt 0:00:04]} Bc5 {[%emt 0:00:02]} 6. Nb3 {[%emt 0:00:02]} Ba7 {[%emt 0:00:00]} 7. c4 {[%emt 0:00:02]} Ne7 {[%emt 0:00:01]} 8. Nc3 {[%emt 0:00:02]} Nbc6 {[%emt 0:00:04]} 9. O-O {[%emt 0:00:03]} O-O {[%emt 0:00:01]} 10. Qe2 {[%emt 0:00:03]} Ne5 {[%emt 0:00:17]} 11. Be3 {[%emt 0:00:22]} Bxe3 {[%emt 0:00:15]} 12. Qxe3 {[%emt 0:00:02]} Qc7 {[%emt 0:00:00]} 13. Rac1 {[%emt 0:00:10]} b6 {[%emt 0:00:17]} 14. f4 {[%emt 0:00:12]} Nxd3 {[%emt 0:00:03]} 15. Qxd3 {[%emt 0:00:02]} Bb7 {[%emt 0:00:07]} 16. Rfd1 {[%emt 0:00:03]} Bc6 {[%emt 0:00:02]} 17. Qd6 {[%emt 0:00:07]} Qxd6 {[%emt 0:00:05]} 18. Rxd6 {[%emt 0:00:00]} f5 {[%emt 0:00:15]} 19. e5 {[%emt 0:00:07]} Kf7 {[%emt 0:00:03]} 20. c5 {[%emt 0:00:33]} bxc5 {[%emt 0:00:40]} 21. Nxc5 {[%emt 0:00:02]} Ra7 {[%emt 0:00:04]} 22. Rcd1 {[%emt 0:00:02]} Ke8 {[%emt 0:00:01]} 23. b4 {[%emt 0:00:14]} Rg8 {[%emt 0:00:06]} 24. a4 {[%emt 0:00:17]} Nc8 {[%emt 0:00:19]} 25. R6d4 {[%emt 0:00:07]} g5 {[%emt 0:00:09]} 26. b5 {[%emt 0:00:02]} axb5 {[%emt 0:00:00]} 27. axb5 {[%emt 0:00:02]} Ba8 {[%emt 0:00:01]} 28. Nxd7 {[%emt 0:00:02]} Rg7 {[%emt 0:00:07]} 29. Nf6+ {[%emt 0:00:02]} Kf7 {[%emt 0:00:01]} 30. Rd7+ {[%emt 0:00:12]} Rxd7 {[%emt 0:00:01]} 31. Rxd7+ {[%emt 0:00:02]} Ne7 {[%emt 0:00:00]} 32. Ra7 {[%emt 0:00:07]} Be4 {[%emt 0:00:14]} 33. Ncxe4 {[%emt 0:00:02]} fxe4 {[%emt 0:00:00]} 34. b6 {[%emt 0:00:04]} Kg6 {[%emt 0:00:09]} 35. Rc7 {[%emt 0:00:12]} e3 {[%emt 0:00:19]} 36. b7 {[%emt 0:00:04] Luka oboladze resigns (Lag: Av=0.54s, max=1.4s)} 1-0

[Event "Silkway Cup"]
[Site "T#646345FIDE"]
[Date "2020.05.26"]
[Round "7"]
[White "HasanzadeT"]
[Black "S-melia"]
[Result "1-0"]
[WhiteElo "1688"]
[BlackElo "1881"]
[Annotator "NA"]
[PlyCount "105"]
[EventDate "2020.05.26"]
[EventType "swiss (blitz)"]

1. e4 {[%emt 0:00:03]} c5 {[%emt 0:00:01]} 2. Nf3 {[%emt 0:00:02]} Nc6 {[%emt 0:00:01]} 3. d4 {[%emt 0:00:01]} cxd4 {[%emt 0:00:02]} 4. Nxd4 {[%emt 0:00:00]} Nf6 {[%emt 0:00:01]} 5. Nc3 {[%emt 0:00:03]} e5 {[%emt 0:00:01]} 6. Ndb5 {[%emt 0:00:01]} d6 {[%emt 0:00:01]} 7. Bg5 {[%emt 0:00:01]} a6 {[%emt 0:00:00]} 8. Na3 {[%emt 0:00:01]} b5 {[%emt 0:00:01]} 9. Nd5 {[%emt 0:00:01]} Be7 {[%emt 0:00:01]} 10. Bxf6 {[%emt 0:00:03]} Bxf6 {[%emt 0:00:00]} 11. c4 {[%emt 0:00:00]} b4 {[%emt 0:00:02]} 12. Nc2 {[%emt 0:00:01]} O-O {[%emt 0:00:07]} 13. g3 {[%emt 0:00:08]} Bg5 {[%emt 0:00:09]} 14. h4 {[%emt 0:00:02]} Bh6 {[%emt 0:00:01]} 15. Bh3 {[%emt 0:00:01]} a5 {[%emt 0:00:01]} 16. b3 {[%emt 0:00:06]} Be6 {[%emt 0:00:03]} 17. Kf1 {[%emt 0:00:02]} a4 {[%emt 0:00:35]} 18. Kg2 {[%emt 0:00:09]} axb3 {[%emt 0:00:10]} 19. axb3 {[%emt 0:00:00]} Rxa1 {[%emt 0:00:01]} 20. Qxa1 {[%emt 0:00:01]} Bd2 {[%emt 0:00:04]} 21. Qa6 {[%emt 0:00:09]} Bxd5 {[%emt 0:00:39]} 22. cxd5 {[%emt 0:00:17]} Nd4 {[%emt 0:00:05]} 23. Rd1 {[%emt 0:00:21]} Nxc2 {[%emt 0:00:23]} 24. Rxd2 {[%emt 0:00:02]} Nd4 {[%emt 0:00:01]} 25. Qc4 {[%emt 0:00:03]} Qb6 {[%emt 0:00:08]} 26. Ra2 {[%emt 0:00:02]} Qc5 {[%emt 0:00:16]} 27. Qxc5 {[%emt 0:01:05]} dxc5 {[%emt 0:00:00]} 28. d6 {[%emt 0:00:08]} Rd8 {[%emt 0:00:02]} 29. d7 {[%emt 0:00:02]} Nxb3 {[%emt 0:00:13]} 30. Ra7 {[%emt 0:00:06]} Kf8 {[%emt 0:00:04]} 31. Rc7 {[%emt 0:00:04]} Ke7 {[%emt 0:00:02]} 32. f4 {[%emt 0:00:05]} f6 {[%emt 0:00:05]} 33. Kf2 {[%emt 0:00:04]} Kd6 {[%emt 0:00:02]} 34. Rc8 {[%emt 0:00:13]} Ke7 {[%emt 0:00:01]} 35. Ke3 {[%emt 0:00:04]} Nd4 {[%emt 0:00:29]} 36. Rxc5 {[%emt 0:00:18]} Ne6 {[%emt 0:00:10]} 37. Rc6 {[%emt 0:00:05]} Nd4 {[%emt 0:00:02]} 38. Rb6 {[%emt 0:00:03]} b3 {[%emt 0:00:01]} 39. Kd3 {[%emt 0:00:04]} Ra8 {[%emt 0:00:04]} 40. Kc4 {[%emt 0:00:06]} Ra2 {[%emt 0:00:02]} 41. Rb8 {[%emt 0:00:03]} Rc2+ {[%emt 0:00:05]} 42. Kd5 {[%emt 0:00:02]} Nc6 {[%emt 0:00:03]} 43. Rb6 {[%emt 0:00:05]} Nd8 {[%emt 0:00:05]} 44. fxe5 {[%emt 0:00:02]} b2 {[%emt 0:00:02]} 45. exf6+ {[%emt 0:00:01]} gxf6 {[%emt 0:00:00]} 46. e5 {[%emt 0:00:03]} Rd2+ {[%emt 0:00:01]} 47. Kc4 {[%emt 0:00:02]} fxe5 {[%emt 0:00:02]} 48. Kc3 {[%emt 0:00:01]} Rh2 {[%emt 0:00:01]} 49. Bf5 {[%emt 0:00:02]} Rg2 {[%emt 0:00:02]} 50. g4 {[%emt 0:00:01]} e4 {[%emt 0:00:04]} 51. Rxb2 {[%emt 0:00:03]} Rxb2 {[%emt 0:00:04]} 52. Kxb2 {[%emt 0:00:00]} e3 {[%emt 0:00:02]} 53. Kc2 {[%emt 0:00:02] Time '} 1-0

[Event "Silkway Cup"]
[Site "T#646345FIDE"]
[Date "2020.05.26"]
[Round "7"]
[White "gb_23"]
[Black "Powerstrong"]
[Result "1-0"]
[WhiteElo "1677"]
[BlackElo "1411"]
[Annotator "NA"]
[PlyCount "129"]
[EventDate "2020.05.26"]
[EventType "swiss (blitz)"]

1. c4 {[%emt 0:00:03]} Nf6 {[%emt 0:00:06]} 2. Nf3 {[%emt 0:00:02]} d6 {[%emt 0:00:01]} 3. d4 {[%emt 0:00:03]} g6 {[%emt 0:00:00]} 4. g3 {[%emt 0:00:02]} Bg7 {[%emt 0:00:00]} 5. Nc3 {[%emt 0:00:01]} O-O {[%emt 0:00:00]} 6. Bg2 {[%emt 0:00:01]} Nc6 {[%emt 0:00:01]} 7. O-O {[%emt 0:00:01]} e5 {[%emt 0:00:01]} 8. dxe5 {[%emt 0:00:01]} dxe5 {[%emt 0:00:00]} 9. Bg5 {[%emt 0:00:01]} Be6 {[%emt 0:00:03]} 10. Nd2 {[%emt 0:00:01]} h6 {[%emt 0:00:03]} 11. Bxf6 {[%emt 0:00:01]} Qxf6 {[%emt 0:00:05]} 12. Nde4 {[%emt 0:00:09]} Qe7 {[%emt 0:00:07]} 13. Nd5 {[%emt 0:00:04]} Bxd5 {[%emt 0:00:02]} 14. cxd5 {[%emt 0:00:01]} Rfd8 {[%emt 0:00:06]} 15. e3 {[%emt 0:00:34]} Nb4 {[%emt 0:00:07]} 16. Nc3 {[%emt 0:00:05]} c6 {[%emt 0:00:01]} 17. Qb3 {[%emt 0:00:07]} Rac8 {[%emt 0:01:06]} 18. dxc6 {[%emt 0:00:06]} bxc6 {[%emt 0:00:04]} 19. a3 {[%emt 0:00:14]} Nd3 {[%emt 0:00:01]} 20. Qc2 {[%emt 0:00:09]} c5 {[%emt 0:00:02]} 21. Nd5 {[%emt 0:00:03]} Rxd5 {[%emt 0:00:09]} 22. Bxd5 {[%emt 0:00:02]} e4 {[%emt 0:00:00]} 23. Rab1 {[%emt 0:00:21]} Kh7 {[%emt 0:00:12]} 24. b4 {[%emt 0:00:08]} f5 {[%emt 0:00:02]} 25. f3 {[%emt 0:00:12]} Qg5 {[%emt 0:00:29]} 26. Qe2 {[%emt 0:00:34]} f4 {[%emt 0:00:56]} 27. Bxe4 {[%emt 0:00:14]} fxg3 {[%emt 0:00:01]} 28. Bxd3 {[%emt 0:00:07]} gxh2+ {[%emt 0:00:02]} 29. Kh1 {[%emt 0:00:01]} c4 {[%emt 0:00:05]} 30. Bxc4 {[%emt 0:00:04]} Rxc4 {[%emt 0:00:02]} 31. Qxc4 {[%emt 0:00:02]} Qxe3 {[%emt 0:00:00]} 32. Rbe1 {[%emt 0:00:08]} Qd2 {[%emt 0:00:02]} 33. Qe2 {[%emt 0:00:05]} Qc3 {[%emt 0:00:03]} 34. Qe3 {[%emt 0:00:01]} Qc7 {[%emt 0:00:02]} 35. Qe7 {[%emt 0:00:03]} Qf4 {[%emt 0:00:01]} 36. Qd7 {[%emt 0:00:08]} Qc4 {[%emt 0:00:03]} 37. Rc1 {[%emt 0:00:10]} Qf4 {[%emt 0:00:02]} 38. Rc7 {[%emt 0:00:01]} Qe5 {[%emt 0:00:03]} 39. Qxg7+ {[%emt 0:00:00]} Qxg7 {[%emt 0:00:01]} 40. Rxg7+ {[%emt 0:00:00]} Kxg7 {[%emt 0:00:00]} 41. Kxh2 {[%emt 0:00:01]} Kf6 {[%emt 0:00:00]} 42. Rc1 {[%emt 0:00:01]} Kf5 {[%emt 0:00:00]} 43. Rc7 {[%emt 0:00:01]} h5 {[%emt 0:00:00]} 44. Rxa7 {[%emt 0:00:01]} Kf4 {[%emt 0:00:00]} 45. Ra5 {[%emt 0:00:00]} Kxf3 {[%emt 0:00:00]} 46. Rg5 {[%emt 0:00:01]} Kf4 {[%emt 0:00:00]} 47. Rxg6 {[%emt 0:00:01]} h4 {[%emt 0:00:00]} 48. Rg8 {[%emt 0:00:01]} Ke5 {[%emt 0:00:01]} 49. b5 {[%emt 0:00:00]} Kd6 {[%emt 0:00:00]} 50. a4 {[%emt 0:00:01]} Kc7 {[%emt 0:00:01]} 51. Kh3 {[%emt 0:00:01]} Kb6 {[%emt 0:00:00]} 52. Kxh4 {[%emt 0:00:01]} Ka5 {[%emt 0:00:00]} 53. Ra8+ {[%emt 0:00:01]} Kb6 {[%emt 0:00:00]} 54. Ra6+ {[%emt 0:00:01]} Kb7 {[%emt 0:00:00]} 55. Rg6 {[%emt 0:00:01]} Kb8 {[%emt 0:00:00]} 56. Kg5 {[%emt 0:00:01]} Kb7 {[%emt 0:00:00]} 57. Kf5 {[%emt 0:00:00]} Ka7 {[%emt 0:00:00]} 58. Ke5 {[%emt 0:00:00]} Ka8 {[%emt 0:00:00]} 59. Kd5 {[%emt 0:00:00]} Kb7 {[%emt 0:00:01]} 60. Kc5 {[%emt 0:00:01]} Ka7 {[%emt 0:00:00]} 61. Rg7+ {[%emt 0:00:01]} Ka8 {[%emt 0:00:00]} 62. Kc6 {[%emt 0:00:03]} Kb8 {[%emt 0:00:01]} 63. a5 {[%emt 0:00:01]} Ka8 {[%emt 0:00:02]} 64. Kb6 {[%emt 0:00:01]} Kb8 {[%emt 0:00:01]} 65. Rg8# {[%emt 0:00:01] (Lag: Av=1.05s, max=3.0s)} 1-0

[Event "Silkway Cup"]
[Site "T#646345FIDE"]
[Date "2020.05.26"]
[Round "7"]
[White "AbdullaKh"]
[Black "muradli mahammad"]
[Result "0-1"]
[WhiteElo "1675"]
[BlackElo "2502"]
[Annotator "TA"]
[PlyCount "80"]
[EventDate "2020.05.26"]
[EventType "swiss (blitz)"]

{[%evp 10,80,55,1,65,64,74,78,70,73,76,74,84,87,67,12,92,35,29,7,20,-4,-14,-20,-14,-9,-25,-21,15,6,8,-15,0,-25,-25,-25,-25,-27,-38,-38,-18,-53,-23,-272,-272,-285,-286,-270,-262,-350,-340,-351,-282,-268,-250,-303,-312,-379,-376,-418,-414,-531,-508,-616,-609,-587,-581,-581,-506,-578,-578,-697,-678]} 1. e4 Nf6 2. e5 Nd5 3. d4 d6 4. Nf3 dxe5 5. Nxe5 c6 6. c4 (6. Be2 $14) 6... Nf6 {B04: Alekhine's Defence: 4 Nf3.} (6... Nb4 $1 $11) 7. Nc3 $14 g6 8. Be2 Bg7 {White is better.} 9. O-O O-O 10. Be3 Be6 {[#]} 11. b3 $146 ({Predecessor:} 11. h3 Nbd7 12. f4 Nb6 13. Qb3 Ne8 14. Ne4 Nd6 15. Nc5 Qc8 16. Nxe6 Qxe6 17. d5 cxd5 {½-½ (48) Sahl,B (2415)-Danielsen,H (2490) Esbjerg 1997}) 11... Nbd7 12. Rc1 (12. f4 $14) 12... Qa5 (12... Nxe5 $11 13. dxe5 Qxd1 14. Bxd1 Ng4) 13. Nxd7 (13. f4 $16) 13... Bxd7 14. Qd2 Rfd8 15. Bf3 Bg4 16. Qe2 Qf5 17. Bxg4 Nxg4 18. h3 Nf6 19. Rfd1 Rd7 20. b4 Rad8 21. a4 Ne4 22. Nxe4 Qxe4 23. f3 Qe6 {[%cal Rg7d4]} 24. Qf2 h5 25. Rc2 a6 26. Re2 $2 {Now White is beyond hope.} (26. a5 $11) 26... Qxc4 $19 {[%mdl 64] [#] Double Attack} 27. Qe1 Bxd4 28. Bxd4 Rxd4 29. Rc1 Qxb4 30. Rxe7 Qxe1+ 31. Rcxe1 {[%mdl 4096] Endgame KRR-KRR} R8d7 32. Re8+ Kg7 33. a5 Ra4 34. R1e5 Ra2 35. R8e7 Rdd2 {Black is clearly winning.} 36. Rxb7 Rxg2+ 37. Kh1 Rh2+ 38. Kg1 Rhc2 {[#] ( -> ...Rc1+)} 39. Re1 Rxa5 40. h4 Raa2 {Accuracy: White = 48%, Black = 78%.} 0-1

[Event "Silkway Cup"]
[Site "T#646345FIDE"]
[Date "2020.05.26"]
[Round "7"]
[White "Atesh"]
[Black "Skoffee"]
[Result "0-1"]
[WhiteElo "1660"]
[BlackElo "1815"]
[Annotator "NA"]
[PlyCount "72"]
[EventDate "2020.05.26"]
[EventType "swiss (blitz)"]

1. Nf3 {[%emt 0:00:03]} Nf6 {[%emt 0:00:02]} 2. c4 {[%emt 0:00:01]} e6 {[%emt 0:00:03]} 3. g3 {[%emt 0:00:03]} a6 {[%emt 0:00:02]} 4. Bg2 {[%emt 0:00:03]} d5 {[%emt 0:00:02]} 5. b3 {[%emt 0:00:05]} Be7 {[%emt 0:00:02]} 6. O-O {[%emt 0:00:02]} O-O {[%emt 0:00:01]} 7. Bb2 {[%emt 0:00:01]} b5 {[%emt 0:00:03]} 8. cxd5 {[%emt 0:00:02]} exd5 {[%emt 0:00:01]} 9. d4 {[%emt 0:00:02]} Bf5 {[%emt 0:00:06]} 10. Nbd2 {[%emt 0:00:06]} h6 {[%emt 0:00:02]} 11. Ne5 {[%emt 0:00:02]} c5 {[%emt 0:00:06]} 12. dxc5 {[%emt 0:00:05]} Bxc5 {[%emt 0:00:01]} 13. Ndf3 {[%emt 0:00:01]} Be4 {[%emt 0:00:03]} 14. Nd3 {[%emt 0:00:07]} Be7 {[%emt 0:00:04]} 15. Rc1 {[%emt 0:00:04]} Nbd7 {[%emt 0:00:02]} 16. Nd4 {[%emt 0:00:07]} Bd6 {[%emt 0:00:30]} 17. Nc6 {[%emt 0:00:08]} Qe8 {[%emt 0:00:13]} 18. e3 {[%emt 0:00:09]} Bxg2 {[%emt 0:00:12]} 19. Kxg2 {[%emt 0:00:02]} Qe4+ {[%emt 0:00:06]} 20. Kg1 {[%emt 0:00:05]} Rac8 {[%emt 0:00:07]} 21. Bd4 {[%emt 0:00:06]} Rfe8 {[%emt 0:00:12]} 22. Rc2 {[%emt 0:00:12]} Rc7 {[%emt 0:00:06]} 23. Qd2 {[%emt 0:00:06]} Qf3 {[%emt 0:00:12]} 24. Ne1 {[%emt 0:00:07]} Qh5 {[%emt 0:00:03]} 25. f3 {[%emt 0:00:09]} Qg6 {[%emt 0:00:04]} 26. Ng2 {[%emt 0:00:07]} Rec8 {[%emt 0:00:02]} 27. Rfc1 {[%emt 0:00:02]} Kf8 {[%emt 0:00:05]} 28. Rc3 {[%emt 0:00:33]} Qf5 {[%emt 0:00:03]} 29. g4 {[%emt 0:00:04]} Qxf3 {[%emt 0:00:04]} 30. Na7 {[%emt 0:00:38]} Ne4 {[%emt 0:00:03]} 31. Rxc7 {[%emt 0:00:07]} Rxc7 {[%emt 0:00:05]} 32. Rxc7 {[%emt 0:00:15]} Bxc7 {[%emt 0:00:25]} 33. Qc2 {[%emt 0:00:04]} Qxg4 {[%emt 0:00:09]} 34. h3 {[%emt 0:00:08]} Qg3 {[%emt 0:00:04]} 35. a4 {[%emt 0:00:10]} Qh2+ {[%emt 0:00:01]} 36. Kf1 {[%emt 0:00:02]} Qh1+ {[%emt 0:00:01] Atesh resigns (Lag: Av=0.31s, max=0.8s)} 0-1

[Event "Silkway Cup"]
[Site "T#646345FIDE"]
[Date "2020.05.26"]
[Round "7"]
[White "KTsa"]
[Black "Ninullia"]
[Result "1-0"]
[WhiteElo "1587"]
[BlackElo "1663"]
[Annotator "NA"]
[PlyCount "181"]
[EventDate "2020.05.26"]
[EventType "swiss (blitz)"]

1. d4 {[%emt 0:00:03]} d5 {[%emt 0:00:01]} 2. Nf3 {[%emt 0:00:01]} Nf6 {[%emt 0:00:01]} 3. Bg5 {[%emt 0:00:01]} Nbd7 {[%emt 0:00:03]} 4. e3 {[%emt 0:00:01]} e6 {[%emt 0:00:01]} 5. Bd3 {[%emt 0:00:02]} Be7 {[%emt 0:00:01]} 6. O-O {[%emt 0:00:03]} O-O {[%emt 0:00:01]} 7. c3 {[%emt 0:00:02]} c5 {[%emt 0:00:05]} 8. Nbd2 {[%emt 0:00:02]} a6 {[%emt 0:00:09]} 9. Ne5 {[%emt 0:00:02]} h6 {[%emt 0:00:04]} 10. Bh4 {[%emt 0:00:05]} cxd4 {[%emt 0:00:30]} 11. exd4 {[%emt 0:00:18]} Nxe5 {[%emt 0:00:01]} 12. dxe5 {[%emt 0:00:00]} Nd7 {[%emt 0:00:01]} 13. Bg3 {[%emt 0:00:09]} Bh4 {[%emt 0:00:42]} 14. Qe2 {[%emt 0:00:14]} Bxg3 {[%emt 0:00:10]} 15. hxg3 {[%emt 0:00:00]} b5 {[%emt 0:00:28]} 16. Rad1 {[%emt 0:00:28]} Bb7 {[%emt 0:00:07]} 17. Nb3 {[%emt 0:00:01]} f6 {[%emt 0:00:06]} 18. exf6 {[%emt 0:00:04]} Qxf6 {[%emt 0:00:06]} 19. Na5 {[%emt 0:00:14]} Rab8 {[%emt 0:00:05]} 20. Rde1 {[%emt 0:00:26]} Nc5 {[%emt 0:00:08]} 21. Bc2 {[%emt 0:00:05]} Ba8 {[%emt 0:00:05]} 22. Qg4 {[%emt 0:00:10]} e5 {[%emt 0:00:11]} 23. Nb3 {[%emt 0:00:10]} Nxb3 {[%emt 0:00:21]} 24. Bxb3 {[%emt 0:00:00]} Kh8 {[%emt 0:00:01]} 25. Qe2 {[%emt 0:00:10]} Rfe8 {[%emt 0:00:04]} 26. Rd1 {[%emt 0:00:02]} d4 {[%emt 0:00:09]} 27. cxd4 {[%emt 0:00:16]} exd4 {[%emt 0:00:01]} 28. Qd3 {[%emt 0:00:12]} Rbd8 {[%emt 0:00:01]} 29. Rfe1 {[%emt 0:00:06]} Qc6 {[%emt 0:00:04]} 30. f3 {[%emt 0:00:04]} Qc7 {[%emt 0:00:05]} 31. Bc2 {[%emt 0:00:02]} g5 {[%emt 0:00:07]} 32. Rxe8+ {[%emt 0:00:05]} Rxe8 {[%emt 0:00:01]} 33. Qxd4+ {[%emt 0:00:00]} Qg7 {[%emt 0:00:01]} 34. Qxg7+ {[%emt 0:00:06]} Kxg7 {[%emt 0:00:01]} 35. Kf2 {[%emt 0:00:01]} Rc8 {[%emt 0:00:03]} 36. Bf5 {[%emt 0:00:01]} Rc5 {[%emt 0:00:01]} 37. g4 {[%emt 0:00:04]} a5 {[%emt 0:00:03]} 38. Rd2 {[%emt 0:00:01]} Bd5 {[%emt 0:00:01]} 39. a3 {[%emt 0:00:03]} Bb3 {[%emt 0:00:01]} 40. Rd6 {[%emt 0:00:11]} b4 {[%emt 0:00:01]} 41. axb4 {[%emt 0:00:01]} axb4 {[%emt 0:00:01]} 42. Rb6 {[%emt 0:00:01]} Rc4 {[%emt 0:00:07]} 43. Kg3 {[%emt 0:00:04]} Rd4 {[%emt 0:00:02]} 44. Rg6+ {[%emt 0:00:03]} Kf7 {[%emt 0:00:01]} 45. Rxh6 {[%emt 0:00:00]} Bc4 {[%emt 0:00:01]} 46. Rb6 {[%emt 0:00:10]} Bf1 {[%emt 0:00:02]} 47. Be6+ {[%emt 0:00:05]} Ke7 {[%emt 0:00:01]} 48. Kh2 {[%emt 0:00:05]} Rd2 {[%emt 0:00:01]} 49. Kg1 {[%emt 0:00:01]} Bxg2 {[%emt 0:00:02]} 50. Bf5 {[%emt 0:00:03]} Bxf3 {[%emt 0:00:01]} 51. Rxb4 {[%emt 0:00:01]} Kf6 {[%emt 0:00:01]} 52. Rb3 {[%emt 0:00:03]} Bd5 {[%emt 0:00:02]} 53. Rd3 {[%emt 0:00:02]} Rxd3 {[%emt 0:00:04]} 54. Bxd3 {[%emt 0:00:00]} Ke5 {[%emt 0:00:01]} 55. Kf2 {[%emt 0:00:01]} Kf4 {[%emt 0:00:03]} 56. Bf5 {[%emt 0:00:02]} Bf3 {[%emt 0:00:04]} 57. b4 {[%emt 0:00:01]} Bc6 {[%emt 0:00:01]} 58. Ke2 {[%emt 0:00:01]} Ba4 {[%emt 0:00:02]} 59. Kd2 {[%emt 0:00:01]} Bb5 {[%emt 0:00:02]} 60. Kc3 {[%emt 0:00:00]} Be2 {[%emt 0:00:02]} 61. Kd4 {[%emt 0:00:01]} Kg3 {[%emt 0:00:05]} 62. Be6 {[%emt 0:00:03]} Kf4 {[%emt 0:00:02]} 63. Bd7 {[%emt 0:00:05]} Ba6 {[%emt 0:00:04]} 64. Kc5 {[%emt 0:00:07]} Ke5 {[%emt 0:00:01]} 65. b5 {[%emt 0:00:00]} Bb7 {[%emt 0:00:01]} 66. b6 {[%emt 0:00:01]} Bf3 {[%emt 0:00:04]} 67. Bf5 {[%emt 0:00:01]} Bg2 {[%emt 0:00:02]} 68. Kb5 {[%emt 0:00:01]} Kd6 {[%emt 0:00:02]} 69. Ka6 {[%emt 0:00:01]} Bf1+ {[%emt 0:00:04]} 70. Ka7 {[%emt 0:00:01]} Bg2 {[%emt 0:00:02]} 71. b7 {[%emt 0:00:00]} Bxb7 {[%emt 0:00:02]} 72. Kxb7 {[%emt 0:00:00]} Ke5 {[%emt 0:00:01]} 73. Kc7 {[%emt 0:00:01]} Kf6 {[%emt 0:00:01]} 74. Kd7 {[%emt 0:00:00]} Kg7 {[%emt 0:00:01]} 75. Kd6 {[%emt 0:00:00]} Kh6 {[%emt 0:00:01]} 76. Ke6 {[%emt 0:00:00]} Kg7 {[%emt 0:00:01]} 77. Be4 {[%emt 0:00:02]} Kh6 {[%emt 0:00:01]} 78. Bf3 {[%emt 0:00:00]} Kg6 {[%emt 0:00:01]} 79. Ke5 {[%emt 0:00:01]} Kg7 {[%emt 0:00:01]} 80. Kf5 {[%emt 0:00:01]} Kh6 {[%emt 0:00:01]} 81. Kf6 {[%emt 0:00:01]} Kh7 {[%emt 0:00:01]} 82. Kxg5 {[%emt 0:00:00]} Kg7 {[%emt 0:00:01]} 83. Kf5 {[%emt 0:00:01]} Kh6 {[%emt 0:00:01]} 84. g5+ {[%emt 0:00:02]} Kg7 {[%emt 0:00:02]} 85. g6 {[%emt 0:00:01]} Kh6 {[%emt 0:00:01]} 86. Ba8 {[%emt 0:00:02]} Kg7 {[%emt 0:00:01]} 87. Kg5 {[%emt 0:00:00]} Kg8 {[%emt 0:00:01]} 88. Kf6 {[%emt 0:00:01]} Kh8 {[%emt 0:00:01]} 89. g7+ {[%emt 0:00:01]} Kg8 {[%emt 0:00:01]} 90. Bd5+ {[%emt 0:00:02]} Kh7 {[%emt 0:00:03]} 91. g8=Q+ {[%emt 0:00:01] Ninullia resigns (Lag: Av=0.90s, max=1.4s)} 1-0

[Event "Silkway Cup"]
[Site "T#646345FIDE"]
[Date "2020.05.26"]
[Round "7"]
[White "Niadongh"]
[Black "Sandrika"]
[Result "0-1"]
[WhiteElo "1580"]
[BlackElo "1580"]
[Annotator "NA"]
[PlyCount "60"]
[EventDate "2020.05.26"]
[EventType "swiss (blitz)"]

1. e4 {[%emt 0:00:02]} d6 {[%emt 0:00:05]} 2. d4 {[%emt 0:00:02]} Nf6 {[%emt 0:00:01]} 3. f3 {[%emt 0:00:04]} g6 {[%emt 0:00:06]} 4. c4 {[%emt 0:00:02]} Bg7 {[%emt 0:00:01]} 5. Nc3 {[%emt 0:00:00]} O-O {[%emt 0:00:03]} 6. Be3 {[%emt 0:00:00]} c6 {[%emt 0:00:07]} 7. Qd2 {[%emt 0:00:02]} a6 {[%emt 0:00:01]} 8. O-O-O {[%emt 0:00:09]} b5 {[%emt 0:00:02]} 9. g4 {[%emt 0:00:03]} bxc4 {[%emt 0:00:05]} 10. Bxc4 {[%emt 0:00:02]} d5 {[%emt 0:00:01]} 11. g5 {[%emt 0:00:22]} dxc4 {[%emt 0:00:04]} 12. gxf6 {[%emt 0:00:01]} exf6 {[%emt 0:00:07]} 13. h4 {[%emt 0:00:02]} h5 {[%emt 0:00:06]} 14. Nge2 {[%emt 0:00:02]} a5 {[%emt 0:00:05]} 15. f4 {[%emt 0:00:08]} Na6 {[%emt 0:00:03]} 16. f5 {[%emt 0:00:01]} Nb4 {[%emt 0:00:02]} 17. Rdg1 {[%emt 0:00:08]} Nd3+ {[%emt 0:00:02]} 18. Kb1 {[%emt 0:00:02]} Rb8 {[%emt 0:00:05]} 19. b3 {[%emt 0:00:05]} Ba6 {[%emt 0:00:11]} 20. fxg6 {[%emt 0:00:07]} cxb3 {[%emt 0:00:02]} 21. gxf7+ {[%emt 0:00:03]} Rxf7 {[%emt 0:00:01]} 22. a3 {[%emt 0:00:06]} Qd6 {[%emt 0:00:28]} 23. Bh6 {[%emt 0:00:02]} Rbb7 {[%emt 0:00:08]} 24. Ng3 {[%emt 0:00:25]} Qxa3 {[%emt 0:00:14]} 25. Nf5 {[%emt 0:00:09]} b2 {[%emt 0:00:11]} 26. Bxg7 {[%emt 0:00:42]} Qa1+ {[%emt 0:00:04]} 27. Kc2 {[%emt 0:00:01]} Nb4+ {[%emt 0:00:09]} 28. Kb3 {[%emt 0:00:01]} a4+ {[%emt 0:00:09]} 29. Nxa4 {[%emt 0:00:02]} Qa2+ {[%emt 0:00:08]} 30. Kc3 {[%emt 0:00:07]} Qa3# {[%emt 0:00:04] (Lag: Av=0.43s, max=0.6s)} 0-1

[Event "Silkway Cup"]
[Site "T#646345FIDE"]
[Date "2020.05.26"]
[Round "7"]
[White "Ulka96"]
[Black "Moonlightbae"]
[Result "1-0"]
[WhiteElo "1566"]
[BlackElo "1576"]
[Annotator "NA"]
[PlyCount "71"]
[EventDate "2020.05.26"]
[EventType "swiss (blitz)"]

1. b3 {[%emt 0:00:03]} d5 {[%emt 0:00:03]} 2. Bb2 {[%emt 0:00:01]} c5 {[%emt 0:00:03]} 3. g3 {[%emt 0:00:01]} Nc6 {[%emt 0:00:01]} 4. Bg2 {[%emt 0:00:01]} Nf6 {[%emt 0:00:01]} 5. Nf3 {[%emt 0:00:07]} h6 {[%emt 0:00:01]} 6. O-O {[%emt 0:00:03]} Bf5 {[%emt 0:00:01]} 7. d3 {[%emt 0:00:01]} e6 {[%emt 0:00:02]} 8. Nbd2 {[%emt 0:00:01]} Be7 {[%emt 0:00:02]} 9. Qe1 {[%emt 0:00:01]} O-O {[%emt 0:00:07]} 10. e4 {[%emt 0:00:02]} Bh7 {[%emt 0:00:01]} 11. Kh1 {[%emt 0:00:07]} Rc8 {[%emt 0:00:34]} 12. a3 {[%emt 0:00:03]} b5 {[%emt 0:00:03]} 13. Nh4 {[%emt 0:00:02]} Nd4 {[%emt 0:00:15]} 14. Rc1 {[%emt 0:00:06]} dxe4 {[%emt 0:00:15]} 15. dxe4 {[%emt 0:00:02]} c4 {[%emt 0:00:06]} 16. bxc4 {[%emt 0:00:36]} bxc4 {[%emt 0:00:02]} 17. Bc3 {[%emt 0:00:01]} Bxa3 {[%emt 0:00:21]} 18. Rd1 {[%emt 0:00:12]} e5 {[%emt 0:00:17]} 19. Ndf3 {[%emt 0:00:15]} Bc5 {[%emt 0:00:43]} 20. Nxe5 {[%emt 0:00:05]} Re8 {[%emt 0:00:16]} 21. f4 {[%emt 0:00:02]} a5 {[%emt 0:00:12]} 22. Bxd4 {[%emt 0:00:14]} Bxd4 {[%emt 0:00:01]} 23. c3 {[%emt 0:00:06]} Bxc3 {[%emt 0:00:06]} 24. Qxc3 {[%emt 0:00:03]} Qb6 {[%emt 0:00:02]} 25. Rb1 {[%emt 0:00:12]} Qa7 {[%emt 0:00:01]} 26. Nf5 {[%emt 0:00:20]} Bxf5 {[%emt 0:00:08]} 27. exf5 {[%emt 0:00:02]} Ng4 {[%emt 0:00:02]} 28. Nxg4 {[%emt 0:00:03]} a4 {[%emt 0:00:03]} 29. Ne5 {[%emt 0:00:08]} a3 {[%emt 0:00:01]} 30. Rb7 {[%emt 0:00:04]} Qa6 {[%emt 0:00:03]} 31. Rxf7 {[%emt 0:00:06]} a2 {[%emt 0:00:02]} 32. Bd5 {[%emt 0:00:03]} Rb8 {[%emt 0:00:03]} 33. Ra7+ {[%emt 0:00:03]} Kh8 {[%emt 0:00:01]} 34. Rxa6 {[%emt 0:00:01]} Rb1 {[%emt 0:00:02]} 35. Rxa2 {[%emt 0:00:02]} Rxf1+ {[%emt 0:00:02]} 36. Kg2 {[%emt 0:00:00] Moonlightbae resigns (Lag: Av=0.56s, max=1.2s)} 1-0